Loading...

Paandavapuram(പാണ്ഡവപുരം)

Bibliographic Details
Main Author: Sethu(സേതു)
Format: Printed Book
Published: Kottayam: DC Books, 1982
Subjects:
LEADER 008660000a22001570004500
020 |a 9788171302491 
082 |a A3 SET/P   |b M2 
100 |a Sethu(സേതു)  |9 15806 
245 |a Paandavapuram(പാണ്ഡവപുരം)  |c Sethu(സേതു) 
260 |a Kottayam:  |b DC Books,  |c 1982 
650 |a Malayalam fiction  |9 16355 
942 |c BK 
999 |c 25015  |d 25015 
952 |0 0  |1 0  |4 0  |6 A_000000000000000_3_SETP_M2  |7 0  |8 MAL  |9 24842  |a MGUL  |b MGUL  |d 2013-07-16  |l 3  |o A3 SET/P M2  |p 08420  |r 2015-04-10  |s 2015-01-23  |w 2013-07-16  |y BK 
952 |0 0  |1 0  |4 0  |6 A_000000000000000_3_SETP_M21  |7 0  |8 MAL  |9 24843  |a MGUL  |b MGUL  |d 2013-07-16  |l 3  |m 1  |o A3 SET/P M2;1  |p 23966  |r 2020-02-23  |s 2020-02-06  |w 2013-07-16  |y BK 
952 |0 0  |1 0  |4 0  |6 M_A3_SET_P_M22  |7 0  |8 MAL  |9 54171  |a MGUL  |b MGUL  |c GEN  |d 2014-01-30  |e Current Books Bill No 871 dated 24.01.2014  |g 80.00  |l 8  |m 2  |o M A3 SET/P M2;2  |p 50851  |r 2020-02-03  |s 2020-01-21  |w 2014-08-30  |y BK